000 00441nam a2200181Ia 4500
001 2661
005 20260306144823.0
008 260306t2021||||xx |||||||||||||| ||spa||
041 _aESP
082 _a201
_bM97
100 _aMurphy, Nancey
_eAUT
245 0 _aFilosofía de la religión cristiana para el siglo XXI
260 _c2021
300 _a338 páginas :
_c24 cm.
650 _aGEN
654 _aCHU
942 _cLIB
_dJUS
_fJUS
_2ddc
_n
999 _c2661
_d2661